000 00512nam a2200157 4500
001 121423
003 ES-MaACL
005 20230906191741.0
007 t|
008 070214s1982 sp r ||||1| spa d
245 0 0 _aPor el camino de Compostela.
260 _aMadrid :
_bDirección General de Bellas Artes, Archivos y Bibliotecas,
_c1982.
300 _a110 p. :
_bil. ;
_c24 cm.
710 1 _aEspaña.
_bDirección General de Bellas Artes, Archivos y Bibliotecas.
_93705
852 _aES-MaACL
_jL-4550
_bR.105401
999 _c121423
_d121423